Sports Quiz

Random Sports or Soccer Quiz

Iconic Celebrations Quiz Stats

 Plays Quiz Updated Sep 16, 2018

Score 0/20 Timer 05:00
3 Plays Today
% Correct
Tiger Woods
93%
Usain Bolt
92.6%
Lebron James
90.4%
Aaron Rodgers
83.1%
Cam Newton
81.3%
James Harden
81%
Cristiano Ronaldo
79.4%
Tim Tebow
79%
Rafael Nadal
75.4%
Sammy Sosa
63.4%
% Correct
Steve Smith, Sr.
62.8%
Alexander Ovechkin
58.1%
Larry 'Chipper' Jones
55.7%
The Bash Brothers
50%
Kirk Gibson
43.9%
Desmond Howard
43.7%
Elbert 'Ickey' Woods
40.4%
Brandi Chastain
35.5%
Jamal Anderson
30.4%
Carl Edwards
19.8%

You're not logged in!

Compare scores with friends on all Sporcle quizzes.
OR
Log In

Sporcle TV

Today on Sporcle TV


Watch our educational content, quiz creation guides, and fun videos on Sporcle TV.

Show Comments

Extras

Top Quizzes Today


Score Distribution

Your Account Isn't Verified!

In order to create a playlist on Sporcle, you need to verify the email address you used during registration. Go to your Sporcle Settings to finish the process.

Report this User

Report this user for behavior that violates our Community Guidelines.

Details: